000 00829nam a22001577a 4500
003 OSt
005 20151019145400.0
008 151019b xxu||||| |||| 00| 0 eng d
040 _cRUA
082 _aAVM YOU 2009 B087 Or.1
100 _92465
_aYOU, SARATH.
245 _aEffect of using mung bean foliage replacing soy bean in feed ingredient on growth rate of quail at animal experimental station of rua, ឥទ្ធិពលនៃការប្រើប្រាស់ស្លឹកសណ្ដែកបាយជំនួសសណ្ដែកសៀងជាចំណីផ្សំលើការលូតលាស់របស់ក្រូចនៅស្ថានីយ៍ចិញ្ចឹមសត្វ​នៃស.វ.ក.ភ
260 _aPhnom Penh
_bRUA
_c2009
300 _ax; 40p.
_bill.
_c29cm.
942 _2ddc
_cAVM
999 _c2319
_d2319